000 00472cam a2200181ua 4500
001 1205
008 110616n ii |||gr||||Z||||||eng
020 _a81-8205-196-7
040 _cMAIN
082 _a330.03
245 1 0 _aAcademic dictionary of economics
_cby Narayan Dixit
260 _aDelhi:
_bIsha Books,
_c2008.
300 _a292p.:
_c25cm.
653 _aEconomics dictionary
653 _aDictionary on Economics
700 1 _aDixit, Narayan,
_eEditor.
942 _cBK
999 _c1113
_d1113